000 01296nam a22003617a 4500
001 0008704
003 KOHA_MİRAKIL
005 20260207001645.0
007 ta
008 091009b2004 tu |||gr||||#||||0|tur |
020 _a9751616271
_cTL7
040 _aTR-BiSEU
_btur
_cTR-BiSEU
_erda
041 0 _atur
044 _ctu
050 _aLB2376.6
_b.S57 2004
100 1 _aŞişman, Adnan.
245 1 _aTanzimat Döneminde Fransa'ya Gönderilen Osmanlı Öğrencileri :
_b(1839-1876)/
_cAdnan Şişman ; Adnan Şişman.
264 1 _aAnkara :
_bTürk Tarih Kurumu
_c2004
300 _aXII, 185 sayfa: resimli; 23 cm.
336 _ametin
_btxt
_2rdacontent
337 _aaracısız
_bn
_2rdamedia
338 _acilt
_bnc
_2rdacarrier
490 1 _aAtatürk Kültür,Dil ve Tarih Yüksek Kurumu Türk Tarih Kurumu Yayınları ;
_vVII.
490 1 _adizi- sayı 209
500 _aKaynakça ve dizin var.
650 0 _aTürkiye--İlişkiler--Fransa.
_921882
650 0 _aFransa--İlişkiler--Türkiye.
_921883
650 0 _aEğitim--Türkiye-- Fransız etkisi.
_921884
650 0 _aEğitim--Türkiye--Tarih.
_913362
830 1 _aAtatürk Kültür,Dil ve Tarih Yüksek Kurumu Türk Tarih Kurumu Yayınları ;
_vVII.
_914135
830 1 _adizi- sayı 209
_921885
942 _2lcc
_cBK
999 _c8676
_d8676